Central Library, Doon University
WEBOPAC (ONLINE PUBLIC ACCESS CATALOGUE)

Electronic Devices And Circuits (Record no. 60960)

MARC details
000 -LEADER
fixed length control field 00465nam a22001817a 4500
005 - DATE & TIME
control field 20260602132233.0
008 - FIXED-LENGTH DATA ELEMENTS--GENERAL INFORMATION
fixed length control field 260602b |||||||| |||| 00| 0 eng d
020 ## - ISBN
International Standard Book Number 9789355322067
Price 999.00
040 ## - CATALOGING SOURCE
Original cataloging agency Doon University
041 ## - Language
Language English
082 ## - DDC NUMBER
Classification number 621.3815
Book Number SAL
100 ## - MAIN ENTRY--PERSONAL NAME
Personal name Salivahanan, S.
245 ## - TITLE STATEMENT
Title Electronic Devices And Circuits
260 ## - PUBLICATION, DISTRIBUTION, ETC. (IMPRINT)
Place of publication, distribution, etc Chennai
Name of publisher, distributor, etc McGraw Hill Education
Date of publication, distribution, etc 2024
300 ## - PHYSICAL DESCRIPTION
Pages V.P.
650 ## - Subject
Subject Physics (PM USHA)
942 ## - ADDED ENTRY ELEMENTS (KOHA)
Koha item type Books
650 ## - Subject
-- 26699
952 ## - LOCATION AND ITEM INFORMATION (KOHA)
-- 2026-06-02
952 ## - LOCATION AND ITEM INFORMATION (KOHA)
-- 2026-06-02
952 ## - LOCATION AND ITEM INFORMATION (KOHA)
-- 2026-06-02
Holdings
Withdrawn status Lost status Source of classification or shelving scheme Damaged status Not for loan Location (home branch) Sublocation or collection (holding branch) Date acquired Koha issues (times borrowed) Koha full call number Accession No. Koha date last seen Koha item type
          Doon University Doon University 02.06.2026   621.3815 SAL 33230 02.06.2026 Books
          Doon University Doon University 02.06.2026   621.3815 SAL 33231 02.06.2026 Books
          Doon University Doon University 02.06.2026   621.3815 SAL 33232 02.06.2026 Books
Contact : +91-135-2533126 (Library),+91-135-2533105 (Admin Office) , Email : doonlibrary@gmail.com

Powered by Koha